First Pokémon with Single Typing - Statistics

General Stats
  • This quiz has been taken 317 times
  • The average score is 15 of 18
Answer Stats
Type Region Pokémon % Correct
Fire Kanto Charmander
100%
Bug Kanto Caterpie
99%
Water Kanto Squirtle
99%
Electric Kanto Pikachu
98%
Dragon Kanto Dratini
94%
Psychic Kanto Abra
92%
Poison Kanto Ekans
90%
Normal Kanto Rattata
90%
Fairy Kanto Clefairy
89%
Fighting Kanto Mankey
86%
Ground Kanto Sandshrew
85%
Ghost Johto Misdreavus
83%
Dark Johto Umbreon
80%
Grass Kanto Tangela
78%
Flying Unova Tornadus
78%
Ice Hoenn Snorunt
76%
Rock Johto Sudowoodo
65%
Steel Hoenn Registeel
61%
No matching quizzes found
Score Distribution
Percent of People with Each Score
Percentile by Number Answered
Your Score History
You have not taken this quiz